000 00544nam a2200181Ia 4500
008 151202s9999||||xx |||||||||||||| ||und||
082 _bPNVM-42650
100 _aसाने हेमा.
245 _aवृक्षवैभव.
260 _bज्ञानदा पब्लिकेशन पुणे.
260 _c1999
300 _a72
600 _aसाने हेमा.
630 _aवृक्षवैभव.
700 _aसाने हेमा.
730 _aवृक्षवैभव.
942 _cBOOK
999 _c1308602
_d1308599